| Registos Bibliográficos associados ao registo de autoridade |
|
Etiqueta de registo: 00000nam 2200025 450 001 2286723 003 http://id.bnportugal.gov.pt/bib/catbnp/2286723 010 ## $a978-989-8651-37-2 021 ## $aPT$b560134/26 100 ## $a20260522d2026 m y0pory01030103ba 101 0# $apor$aeng 102 ## $aPT 105 ## $aa b 000yy 106 ## $ar 200 1# $aDá matriz à impressão$fAGAF - Associação de Gravura Água-Forte$gcoord. Graça Mendes Pinto$gtextos Cristina Tavares, Célia Bragança, Fátima Ferreira 210 #9 $aLisboa$cFundação Oriente,$dD.L. 2026 215 ## $a72, [2] p.$cil.$d28 cm 305 ## $aEd. bilíngue em português e inglês 701 #1 $aTavares,$bCristina Azevedo,$f1956-$4070$370383 701 #1 $aBragança,$bCélia de Melo,$f1965-$4070$31600395 701 #1 $92$aFerreira,$bFátima$4070$31999072 702 #1 $aPinto,$bGraça Mendes,$f1959-$4340$334484 710 02 $aAGAF - Associação de Gravura Água-Forte$31999069 801 #0 $aPT$bBN$gRPC 966 ## $lBN$mFGMON$x1 966 ## $lBN$mFGMON$x1 971 ## $corlando$d20260522
|
|
|